Scannen Technik und Praxis

Gespeichert in:
Bibliographische Detailangaben
1. Verfasser: Henninges, Heiner
Format: Buch
Sprache:Deutsch
Veröffentlicht: Haar bei München Markt und Technik 1994
Ausgabe:1. Aufl.
Schlagworte:
Tags: Tag hinzufügen
Keine Tags, Fügen Sie das erste Tag hinzu!

MARC

LEADER 00000nam a2200000 4500
001 c010331
005 20221214075403.8
020 |a 3-87791-580-9 
041 0 |a ger 
044 |a DE 
245 1 0 |a Scannen  |b Technik und Praxis  |c Heiner Henninges 
250 |a 1. Aufl. 
264 1 |a Haar bei München  |b Markt und Technik  |c 1994 
300 |a 184 s. 
610 2 0 |a snímače 
610 2 0 |a počítače 
610 2 0 |a zariadenia počítača periférne 
610 2 0 |a jednotka zobrazovacia 
610 2 0 |a technika 
100 1 |a Henninges, Heiner